[Event "FRA-ch U20"]
[Site "Hyeres"]
[Date "2019.04.15"]
[Round "3"]
[White "Galaud, Vincent"]
[Black "Eugene, Floryan"]
[Result "0-1"]
[WhiteElo "2035"]
[BlackElo "2294"]
[PlyCount "100"]
[EventDate "2019.04.14"]
[EventType "swiss"]
[EventRounds "9"]
[EventCountry "FRA"]
[SourceTitle "CBM 190 Extra"]
[Source "ChessBase"]
[SourceDate "2019.07.15"]
[SourceVersion "1"]
[SourceVersionDate "2019.07.15"]
[SourceQuality "1"]

1. e4 e5 2. Nf3 Nc6 3. Nc3 Nf6 4. d4 exd4 5. Nxd4 Bb4 6. Nxc6 bxc6 7. Bd3 d5 8. exd5 cxd5 9. 0-0 0-0 10. Bg5 c6 11. Qf3 Bd6 12. h3 Re8 13. Ne2 Be5 14. c3 h6 15. Bf4 Qd6 16. Rfe1 Bd7 17. Rad1 Rab8 18. b3 c5 19. Bxe5 Rxe5 20. Ng3 Rbe8 21. Rxe5 Rxe5 22. Bf5 Bc6 23. Qd3 Qe7 24. Qa6 Be8 25. Kh2 g6 26. Bc8 h5 27. Bb7 h4 28. Nf1 Re6 29. Qxa7 Qc7+ 30. Kg1 Rb6 31. Ne3 Qxb7 32. Qxb7 Rxb7 33. Nxd5 Nxd5 34. Rxd5 Rc7 35. Re5 Bd7 36. Re4 Ra7 37. Rxh4 Be6 38. Re4 Rxa2 39. Re5 Ra5 40. c4 Kg7 41. Kh2 Kf6 42. f4 Ra3 43. Rxc5 Rxb3 44. Ra5 Bxc4 45. Ra4 Bb5 46. Ra2 Kf5 47. Rf2 Re3 48. Rb2 Bc4 49. Rf2 Re2 50. Rf3 Bd5 0-1